| 000 | 01113cam a22002771i 4500 | ||
|---|---|---|---|
| 003 | SA-RiAUC | ||
| 005 | 20241006122555.0 | ||
| 008 | 241005s1998 su a g 000 0bara c | ||
| 020 | _a9960916731 | ||
| 040 |
_aEG-CaBUE _bara _cSA-RiAUC _erda |
||
| 043 | _ae------ | ||
| 082 | 0 | 4 | _a922.113 |
| 090 |
_a922.113 _bج و هـ |
||
| 100 | 1 |
_aالجوهري، عبد اللطيف _eمؤلف. |
|
| 245 | 1 | 0 |
_aمن أعلام الدعاة في أوروبا : _bالعلامة الدكتور زكي علي : داعيا نجيبا، وعالما طبيبا، وكاتبا أديبا / _cعبد اللطيف الجوهري. |
| 264 | 1 |
_aجدة، السعودية : _bعالم المعرفة، _c1998 |
|
| 300 |
_a264 صفحة : _bإيضاحيات ؛ _c24 سم |
||
| 336 |
_aنص _btxt _2rdacontent _3كتاب |
||
| 337 |
_aبدون وسيط _bn _2rdamedia |
||
| 338 |
_aمجلد _bnc _2rdacarrier |
||
| 600 | 1 | 7 |
_aعلي، زكي _2aucnm |
| 650 | 7 |
_aالدعاة _vتراجم _2aucsh |
|
| 650 | 7 |
_aالدعوة الإسلامية _zأوروبا _2aucsh |
|
| 942 |
_2ddc _cBOOK _n0 |
||
| 949 |
_aSA-JeALM _d241005 _umohamedma123 _n1 |
||
| 999 |
_c926 _d926 |
||